| 000 | 00000nam##2200000za#4500 |
| 001 | 9.615933 |
| 003 | CaOODSP |
| 005 | 20200514165643 |
| 007 | ta |
| 008 | 150406|2001||||xxc||||| f|0| 0 eng|d |
| 020 | |a0-662-30804-2 |
| 040 | |aCaOODSP|beng |
| 043 | |an-cn--- |
| 086 | 1 |aNH18-24/28IE |
| 110 | 2 |aCanada Mortgage and Housing Corporation. |
| 245 | 10|aBefore you start an energy efficient retrofit-mechanical systems |
| 260 | |aOttawa - Ontario : |bCanada Mortgage and Housing Corporation |c2001. |
| 300 | |a6p. : |bfig. ; |c28 cm. |
| 490 | 1 |aAbout your house |vCE28I |
| 563 | |aPamphlet |
| 590 | |a02-11|b2002-03-15 |
| 690 | 07|aHousing|2gcpds |
| 690 | 07|aEnergy efficiency|2gcpds |
| 776 | 0#|tBefore you start an energy efficient retrofit - mechanical systems |w(CaOODSP)9.571809 |
| 830 | #0|aAbout your house ;|vCE28I|w(CaOODSP)9.514828 |